Agnes Heller: la satisfacción de las necesidades radicales /
El objetivo del texto es hacer una lectura de las principales obras de Agnes de Heller, que posibilite una interpretación inicial de la autora respecto a su posición sobre la utopía socialista, y una teoría marxista de las necesidades humanas. Revolución, necesidades, utopía y socialismo como una de...
Αποθηκεύτηκε σε:
| Κύριος συγγραφέας: | |
|---|---|
| Μορφή: | Άγνωστο |
| Γλώσσα: | Spanish |
| Έκδοση: |
San José, Costa Rica :
ALFORJA ; DEI
1991
|
| Σειρά: | Colección análisis
|
| Θέματα: | |
| Ετικέτες: |
Προσθήκη ετικέτας
Δεν υπάρχουν, Καταχωρήστε ετικέτα πρώτοι!
|
MARC
| LEADER | 00000 a2200000 04500 | ||
|---|---|---|---|
| 001 | 42883 | ||
| 003 | cru CIDCACS/IIS | ||
| 005 | 20230605122151.0 | ||
| 008 | 050613s1991 cr spa d | ||
| 020 | |a 9977-83-043-6 | ||
| 040 | |c cru CIDCACS/IIS | ||
| 090 | |a 03.03.01 I12a | ||
| 100 | |a Ibáñez, Alfonso | ||
| 245 | |a Agnes Heller: |b la satisfacción de las necesidades radicales / |c Alfonso Ibáñez | ||
| 260 | |a San José, Costa Rica : |b ALFORJA ; DEI |c 1991 | ||
| 300 | |a 129 páginas | ||
| 440 | |a Colección análisis | ||
| 520 | |a El objetivo del texto es hacer una lectura de las principales obras de Agnes de Heller, que posibilite una interpretación inicial de la autora respecto a su posición sobre la utopía socialista, y una teoría marxista de las necesidades humanas. Revolución, necesidades, utopía y socialismo como una democracia radical, son los tópicos sobre los cuales se levanta la obra. | ||
| 590 | |a RRH/OCTUBRE2012 | ||
| 650 | |a NECESIDADES BASICAS | ||
| 650 | |a SOCIALISMO | ||
| 650 | |a CAPITALISMO | ||
| 650 | |a DEMOCRACIA | ||
| 650 | |a SOCIEDAD | ||
| 650 | |a FILOSOFIA | ||
| 942 | |2 ddc |c LI |h 03.03.01 I12a |i 17916 |6 030301_I12A_17916 | ||
| 999 | |c 10649 |d 10649 | ||



